Statistics for Aerosmith Songs on the Billboard Hot 100 Chart (USA)

Click here to take the quiz!

General Stats

  • This quiz has been taken 138 times
  • The average score is 14 of 28

Answer Stats

Peak Chart Position, Year Answer % Correct
6, 1976Dream On
91%
10, 1977Walk This Way
87%
1, 1998I Don't Want to Miss a Thing
79%
5, 1989Love in an Elevator
77%
17, 1994Crazy
75%
12, 1993Cryin'
75%
36, 1975Sweet Emotion
72%
14, 1987Dude (Looks Like a Lady)
71%
4, 1990Janie's Got a Gun
67%
17, 1988Rag Doll
61%
3, 1988Angel
61%
18, 1993Livin' on the Edge
58%
27, 1998Pink
58%
24, 1994Amazing
55%
7, 2001Jaded
53%
38, 1977Back in the Saddle
41%
9, 1990What It Takes
38%
23, 1978Come Together
38%
21, 1976Last Child
35%
22, 1990The Other Side
34%
70, 1978Kings and Queens
31%
35, 1997Falling in Love (is so Hard on the Knees)
30%
42, 1977Draw the Line
25%
51, 1997Hole in My Soul
24%
48, 1994Blind Man
20%
67, 1980Remember (Walking in the Sand)
17%
71, 1976Home Tonight
8%
77, 1979Chip Away the Stone
6%

Score Distribution

Percentile by Number Answered

Percent of People with Each Score

Your Score History

You have not taken this quiz